| 000 | 00646nam a22002057a 4500 | ||
|---|---|---|---|
| 003 | OSt | ||
| 005 | 20240627061115.0 | ||
| 008 | 240627b |||||||| |||| 00| 0 eng d | ||
| 020 | _a9789386355539 | ||
| 040 |
_aDWC- Main Lib _cOC |
||
| 082 | _aCirc. 371.339 A115t 2017 | ||
| 100 | _aAaseelan P. | ||
| 245 |
_aTechnology in learning / _c Aaseelan P. |
||
| 260 |
_a- New Delhi : India : _bRandom Publications, _cc2017. |
||
| 300 |
_axx , 336 pages : _billustrations ; _c24cm. |
||
| 504 | _aIncludes bibliographic references. | ||
| 650 | _a1. Education technology– India | ||
| 650 | _a 2. Women– Education– India | ||
| 942 |
_2ddc _cBK-CIRC _n1 |
||
| 999 |
_c1497 _d1497 |
||